Alexandrijská stopa (Record no. 22037)
[ view plain ]
| 000 -LEADER | |
|---|---|
| fixed length control field | 01651cam a2200457 a 4500 |
| 001 - CONTROL NUMBER | |
| control field | 22037 |
| 003 - CONTROL NUMBER IDENTIFIER | |
| control field | VRT |
| 005 - DATE AND TIME OF LATEST TRANSACTION | |
| control field | 20260318092150.0 |
| 008 - FIXED-LENGTH DATA ELEMENTS--GENERAL INFORMATION | |
| fixed length control field | 251031s2007 xo d 000 f slo |
| 015 ## - NATIONAL BIBLIOGRAPHY NUMBER | |
| National bibliography number | SNBA2008/04-01688 |
| 020 ## - INTERNATIONAL STANDARD BOOK NUMBER | |
| International Standard Book Number | 9788055115771 |
| Qualifying information | ( viaz.) |
| 035 ## - SYSTEM CONTROL NUMBER | |
| System control number | CA208A32-CFD9-4514-82FA-72706671F615 |
| 035 ## - SYSTEM CONTROL NUMBER | |
| System control number | urn:nbn:sk:snk-amlg0b |
| 035 ## - SYSTEM CONTROL NUMBER | |
| System control number | urn:nbn:sk:snk-am0093d1 |
| 039 #9 - LEVEL OF BIBLIOGRAPHIC CONTROL AND CODING DETAIL [OBSOLETE] | |
| Level of rules in bibliographic description | 202510310921 |
| Level of effort used to assign nonsubject heading access points | VLOAD |
| Level of effort used to assign subject headings | 202403181916 |
| Level of effort used to assign classification | VLOAD |
| Level of effort used to assign subject headings | 202301120743 |
| Level of effort used to assign classification | msnk170 |
| Level of effort used to assign subject headings | 202109171155 |
| Level of effort used to assign classification | AUTHORITY |
| 040 ## - CATALOGING SOURCE | |
| Original cataloging agency | PPPK |
| Language of cataloging | slo |
| Transcribing agency | PPPK |
| Modifying agency | SNK |
| Description conventions | AACR2 |
| 041 1# - LANGUAGE CODE | |
| Language code of text/sound track or separate title | slo |
| Language code of original | eng |
| 044 ## - COUNTRY OF PUBLISHING/PRODUCING ENTITY CODE | |
| MARC country code | xo |
| ISO country code | SK |
| 072 #7 - SUBJECT CATEGORY CODE | |
| Subject category code | 821.111(73)-3 |
| Subject category code subdivision | Americká próza |
| Source | konspekt |
| 080 ## - UNIVERSAL DECIMAL CLASSIFICATION NUMBER | |
| Universal Decimal Classification number | 821.111(73)-31 |
| Edition identifier | 2001 |
| 080 ## - UNIVERSAL DECIMAL CLASSIFICATION NUMBER | |
| Universal Decimal Classification number | (0:82-312.4) |
| Edition identifier | 2001 |
| 100 1# - MAIN ENTRY--PERSONAL NAME | |
| Personal name | Berry, Steve, |
| Dates associated with a name | 1955- |
| Relationship | aut |
| 240 10 - UNIFORM TITLE | |
| Uniform title | Alexandria link |
| Language of a work | Slovensky |
| 245 10 - TITLE STATEMENT | |
| Title | Alexandrijská stopa |
| Statement of responsibility, etc. | Steve Berry ; [z anglického originálu preložil Oto Havrila] |
| 250 ## - EDITION STATEMENT | |
| Edition statement | [1. vyd.] |
| 260 ## - PUBLICATION, DISTRIBUTION, ETC. | |
| Place of publication, distribution, etc. | Bratislava |
| Name of publisher, distributor, etc. | Ikar |
| Date of publication, distribution, etc. | 2007 |
| 300 ## - PHYSICAL DESCRIPTION | |
| Extent | 414 s. |
| Dimensions | 21 cm |
| 655 #7 - INDEX TERM--GENRE/FORM | |
| Genre/form data or focus term | americké romány |
| Source of term | SNKPH |
| 655 #7 - INDEX TERM--GENRE/FORM | |
| Genre/form data or focus term | trilery (romány) |
| Source of term | SNKPH |
| 655 #7 - INDEX TERM--GENRE/FORM | |
| Genre/form data or focus term | umelecká literatúra |
| Source of term | SNKPH |
| 700 1# - ADDED ENTRY--PERSONAL NAME | |
| Personal name | Havrila, Otto, |
| Dates associated with a name | 1963- |
| Relationship | trl |
| 942 ## - ADDED ENTRY ELEMENTS (KOHA) | |
| Source of classification or shelving scheme | Dewey Decimal Classification |
| Koha item type | Krásna literatúra pre dospelých |
| Suppress in OPAC | No |
| 949 ## - LOCAL PROCESSING INFORMATION (OCLC) | |
| 6 | 3869A19216 |
| a | bpksh821.111(73)-31 |
| b | bpksh54923 |
| 949 ## - LOCAL PROCESSING INFORMATION (OCLC) | |
| 6 | 270001000318345 |
| a | svkbbA 121550 |
| b | svkbbm 690093* |
| o | TL; |
| 949 ## - LOCAL PROCESSING INFORMATION (OCLC) | |
| 6 | 2889135264 |
| a | savukPV 11150 |
| b | savuk2007/4324 |
| 949 ## - LOCAL PROCESSING INFORMATION (OCLC) | |
| 6 | 17A0576020 |
| a | snkSC 130415 |
| b | snk2008/875 |
| o | 2656/07 |
| s | 6100:20151111 |
| 949 ## - LOCAL PROCESSING INFORMATION (OCLC) | |
| 6 | 17A0596970 |
| a | snkSC 130415 D1 |
| b | snk2008/16170 |
| o | 2656/07 |
| 949 ## - LOCAL PROCESSING INFORMATION (OCLC) | |
| 6 | 273K0498330 |
| a | svkpoA 199727 |
| b | svkpo499717 |
| 980 ## - EQUIVALENCE OR CROSS-REFERENCE-SERIES STATEMENT--PERSONAL NAME/TITLE [LOCAL, CANADA] | |
| Personal name | 821.111(73)-31 |
| Stav vyradenia | Strata | Poškodenie | Spôsob nadobudnutia | Domovská knižnica | Aktuálna knižnica | Dátum nadobudnutia | Total checkouts | Čiarový kód exemplára | Date last seen | Typ exemplára |
|---|---|---|---|---|---|---|---|---|---|---|
| Dar | Obecná knižnica Turčianska Štiavnička | Obecná knižnica Turčianska Štiavnička | 18.03.2026 | 4738000526 | 18.03.2026 | Krásna literatúra pre dospelých |
